000 01451nam0a2200289 4500
001 RU\NLR\bibl\27572
005 20260407092937.0
021 _aRU
_b99-11983
_9579
035 _a(NLR Aleph) 000026853
090 _a130728
_c130728
100 _a19990517d1999 |||y0rusy50 ca
101 0 _arus
102 _aRU
200 1 _aФедеральное Собрание - парламент Российской Федерации. Государственная Дума
_eСтеногр. заседаний
_eБюл. № 246 (388), 18 марта 1999 г.
210 _aМ.
_cГос. Дума
_d[1999]
215 _a48 с.
_d30
601 0 1 _aРоссийская Федерация
_bФедеральное Собрание
_bГосударственная Дума
_jСтенографические отчеты
_xЗаседания
_92540242
_3RU\NLR\auth\661503944
601 0 1 _aРоссийская Федерация
_bГосударственная Дума
_jСтенографические отчеты
_xЗаседания
_92537580
_3RU\NLR\auth\661502569
686 _aХ620.611.32Р
710 0 1 _aРоссийская Федерация
_bГосударственная Дума
_c1996-1999
_bЗаседание
_f1999, март
_3RU\NLR\AUTH\8810050919
_9602088
801 0 _aRU
_bNLR
_c19990517
_gPSBO
801 1 _aRU
_bNLR
_c19990517
852 _aNLR
_j99-8/494
942 _cBOOK
980 _aNB